000 00273nam a2200109Ia 4500
001 1295633
005 20260417170234.0
008 260417s9999 xx 000 0 und d
020 _a9789752127463
245 0 _aKüçük Vak Vak
_cLauren Thompson
260 _bAltın Kitaplar
999 _c1295633
_d1295633